No. 7 Manor Place, Edinburgh (Record no. 116308)
[ view plain ]
| 000 -LEADER | |
|---|---|
| fixed length control field | 00690cam a22002175a 4500 |
| 001 - CONTROL NUMBER | |
| control field | L140323 |
| 008 - FIXED-LENGTH DATA ELEMENTS--GENERAL INFORMATION | |
| fixed length control field | 070918n xxk eng u |
| 035 ## - SYSTEM CONTROL NUMBER | |
| System control number | (Sirsi) u140323 |
| 041 4# - LANGUAGE CODE | |
| Language code of text/sound track or separate title | eng |
| 100 1# - MAIN ENTRY--PERSONAL NAME | |
| Personal name | Black, George F. |
| 245 00 - TITLE STATEMENT | |
| Title | No. 7 Manor Place, Edinburgh |
| Medium | [manuscript] |
| 255 ## - CARTOGRAPHIC MATHEMATICAL DATA | |
| Statement of scale | Scale 1:96 |
| 260 ## - PUBLICATION, DISTRIBUTION, ETC. | |
| Date of publication, distribution, etc. | n.d |
| 300 ## - PHYSICAL DESCRIPTION | |
| Extent | 1 sheet |
| Other physical details | copy |
| Dimensions | 58 x 65 cm. |
| 340 ## - PHYSICAL MEDIUM | |
| Material base and configuration | Copy on paper |
| 351 ## - ORGANIZATION AND ARRANGEMENT OF MATERIALS | |
| Hierarchical level | Single item |
| 500 ## - GENERAL NOTE | |
| General note | Sheet shows basement, ground floor, first floor, second floor and third floor plans of no. 7 Manor Place, Edinburgh. Prepared by George F. Black of 7 St Colme Street. Edinburgh. |
| 651 4# - SUBJECT ADDED ENTRY--GEOGRAPHIC NAME | |
| Geographic name | Edinburgh |
| 690 ## - LOCAL SUBJECT ADDED ENTRY--TOPICAL TERM (OCLC, RLIN) | |
| Topical term or geographic name as entry element | BUILT ENVIRONMENT |
| 942 ## - ADDED ENTRY ELEMENTS (KOHA) | |
| Suppress in OPAC | 0 |
| Withdrawn status | Lost status | Source of classification or shelving scheme | Damaged status | Not for loan | Home library | Current library | Shelving location | Date acquired | Total Checkouts | Full call number | Barcode | Date last seen | Copy number | Price effective from | Koha item type |
|---|---|---|---|---|---|---|---|---|---|---|---|---|---|---|---|
| Dewey Decimal Classification | Historic collection | Historic collection | Historic collection | 18/09/2007 | MAP CABINET DRAWER 9 | 140323-3001 | 06/08/2019 | 1 | 06/08/2019 | Archive |